Peshawar : (Record no. 16205)
[ view plain ]
| 000 -LEADER | |
|---|---|
| fixed length control field | 01642nam a2200277 a 4500 |
| 001 - CONTROL NUMBER | |
| control field | ASIN0195475046 |
| 005 - DATE AND TIME OF LATEST TRANSACTION | |
| control field | 20170105102935.0 |
| 008 - FIXED-LENGTH DATA ELEMENTS--GENERAL INFORMATION | |
| fixed length control field | 150827s2009 xxu eng d |
| 020 ## - INTERNATIONAL STANDARD BOOK NUMBER | |
| International Standard Book Number | 0195475046 (hardcover) |
| Terms of availability | $27.95 |
| 020 ## - INTERNATIONAL STANDARD BOOK NUMBER | |
| International Standard Book Number | 9780195475043 (hardcover) |
| 040 ## - CATALOGING SOURCE | |
| Original cataloging agency | 0 |
| 050 04 - LIBRARY OF CONGRESS CALL NUMBER | |
| Classification number | DS392.2.P47 |
| 082 04 - DEWEY DECIMAL CLASSIFICATION NUMBER | |
| Classification number | 954.9123 |
| Author Mark | PES 2008 |
| 100 1# - MAIN ENTRY--PERSONAL NAME | |
| Personal name | Salim, Ahmad. |
| 245 00 - TITLE STATEMENT | |
| Title | Peshawar : |
| Remainder of title | city on the frontier / |
| Statement of responsibility, etc. | Ahmad Salim. |
| 250 ## - EDITION STATEMENT | |
| Edition statement | 0th ed. |
| 260 ## - PUBLICATION, DISTRIBUTION, ETC. | |
| Place of publication, distribution, etc. | [S.l.] : |
| Name of publisher, distributor, etc. | Oxford University Press, |
| Date of publication, distribution, etc. | 2008 |
| 300 ## - PHYSICAL DESCRIPTION | |
| Extent | 200 p. ; |
| Dimensions | 24 cm. |
| 490 1# - SERIES STATEMENT | |
| Series statement | Oxford in asia historical reprints) (bk. 1. |
| 520 ## - SUMMARY, ETC. | |
| Summary, etc. | Book 1 of this volume is an account of the archaeological and historical sites with which Peshawar is studied, including those of the Gandhara (Buddhist) period, and in particular, monuments of the Muslim, Sikh, and British times. This book was originally compiled to provide a connected and continuous, historical and archaeological account of these sites, many of which were not mentioned, or elaborated upon, in publications of the time, such as the Gazetteer of the Peshawar District , the voluminous Tarikh-i-Peshawar , and Annual Reports of the Archeological Survey of India . Book 2 is a collection of five different articles of historical and archaeological interest. The articles describe important royal documents of the Mughal period, and give a brief history of Peshawar. |
| 650 #0 - SUBJECT ADDED ENTRY--TOPICAL TERM | |
| Topical term or geographic name entry element | Antiquities |
| 650 #0 - SUBJECT ADDED ENTRY--TOPICAL TERM | |
| Topical term or geographic name entry element | Pakistan--Peshawar |
| 830 #0 - SERIES ADDED ENTRY--UNIFORM TITLE | |
| Uniform title | Oxford in asia historical reprints) (bk. 1. |
| 856 40 - ELECTRONIC LOCATION AND ACCESS | |
| Materials specified | Amazon.com |
| Uniform Resource Identifier | <a href="http://www.amazon.com/exec/obidos/ASIN/0195475046/chopaconline-20">http://www.amazon.com/exec/obidos/ASIN/0195475046/chopaconline-20</a> |
| 942 ## - ADDED ENTRY ELEMENTS (KOHA) | |
| Source of classification or shelving scheme | |
| Koha item type | Book |
| Withdrawn status | Lost status | Damaged status | Not for loan | Collection code | Permanent Location | Current Location | Shelving location | Date acquired | Total Checkouts | Full call number | Barcode | Date last seen | Price effective from | Koha item type |
|---|---|---|---|---|---|---|---|---|---|---|---|---|---|---|
| Centre for International Peace & Stability (CIPS) | Centre for International Peace & Stability (CIPS) | General Stacks | 08/28/2015 | 954.9123 PES 2008 | CIPS0002655 | 08/28/2015 | 08/28/2015 | Book |
